हजारीप्रसाद द्रिवेदी संचयिता / (Record no. 111908)

MARC details
000 -LEADER
fixed length control field 01103nam a22002537a 4500
005 - DATE AND TIME OF LATEST TRANSACTION
control field 20170124102931.0
010 ## - LIBRARY OF CONGRESS CONTROL NUMBER
LC control number B-082087
020 ## - INTERNATIONAL STANDARD BOOK NUMBER
Terms of availability 400.00
International Standard Book Number 8170551692
035 ## - SYSTEM CONTROL NUMBER
System control number B-082087
037 ## - SOURCE OF ACQUISITION
Source of stock number/acquisition Cen Lib/Ret
040 ## - CATALOGING SOURCE
Original cataloging agency DPL
Language of cataloging HN
082 ## - DEWEY DECIMAL CLASSIFICATION NUMBER
Classification number 820.8
Item number हजारी
245 ## - TITLE STATEMENT
Title हजारीप्रसाद द्रिवेदी संचयिता /
Statement of responsibility, etc संपादक राधावल्लभ त्रिपाठी
246 ## - VARYING FORM OF TITLE
Title proper/short title Hajari Prasad Drivedi sanchayita /
Remainder of title sampadak Radhavallabh Tripathi
260 ## - PUBLICATION, DISTRIBUTION, ETC. (IMPRINT)
Place of publication, distribution, etc नई दिल्ली
Name of publisher, distributor, etc वाणी प्रकाशन
Date of publication, distribution, etc 2001
270 ## - ADDRESS
Address 21 -ए, दरयागंज
City नई दिल्ली
Postal code 110002
300 ## - PHYSICAL DESCRIPTION
Extent 435पृ.
Dimensions 19सेमी(सजिल्द )
650 ## - SUBJECT ADDED ENTRY--TOPICAL TERM
Topical term or geographic name as entry element हिंदी साहित्य
General subdivision
Geographic subdivision
9 (RLIN) 45028
650 ## - SUBJECT ADDED ENTRY--TOPICAL TERM
Topical term or geographic name as entry element हिंदी लालित्य
Form subdivision
9 (RLIN) 45029
650 ## - SUBJECT ADDED ENTRY--TOPICAL TERM
Topical term or geographic name as entry element Hindi litarature
9 (RLIN) 45030
650 ## - SUBJECT ADDED ENTRY--TOPICAL TERM
Topical term or geographic name as entry element Hindi elegance
9 (RLIN) 45031
700 ## - ADDED ENTRY--PERSONAL NAME
9 (RLIN) 44981
Personal name तिपथी, राधावल्लभ
942 ## - ADDED ENTRY ELEMENTS (KOHA)
Source of classification or shelving scheme Dewey Decimal Classification
Koha item type Hindi Books
Classification part 820.8
Call number suffix हजारी
Holdings
Withdrawn status Lost status Damaged status Not for loan Home library Current library Date acquired Source of acquisition Cost, normal purchase price Total Checkouts Full call number Barcode Date last seen Copy number Cost, replacement price Price effective from Koha item type
        Central Library Central Library 06/08/2015 Cen Lib/Ret 400.00   820.8 हजारी B-082087 06/08/2015 1 400.00 06/08/2015 Hindi Books

© Delhi Public Library
Hit Counter
free hit counter